[Event "Russiablitzwomen"]
[Site "?"]
[Date "2016.10.04"]
[Round "12.1"]
[White "Tomilova, Elena"]
[Black "Charochkina, Daria"]
[Result "1/2-1/2"]
[LiveChessVersion "1.4.4"]
[BlackElo "2333"]
[WhiteElo "2223"]

1. c4 {[%clk 0:03:04]} f5 {[%clk 0:03:02]} 2. g3 {[%clk 0:03:02]} Nf6
{[%clk 0:03:02]} 3. Bg2 {[%clk 0:03:02]} e6 {[%clk 0:03:02]} 4. d4
{[%clk 0:03:00]} d5 {[%clk 0:03:03]} 5. Nf3 {[%clk 0:02:54]} c6 {[%clk 0:03:03]}
6. O-O {[%clk 0:02:54]} Bd6 {[%clk 0:03:04]} 7. b3 {[%clk 0:02:51]} O-O
{[%clk 0:03:04]} 8. Bb2 {[%clk 0:02:51]} b6 {[%clk 0:02:57]} 9. Nbd2
{[%clk 0:02:51]} Bb7 {[%clk 0:02:57]} 10. Qc2 {[%clk 0:02:44]} a5
{[%clk 0:02:57]} 11. Ne5 {[%clk 0:02:31]} Na6 {[%clk 0:02:28]} 12. a3
{[%clk 0:02:31]} Rc8 {[%clk 0:02:27]} 13. Ndf3 {[%clk 0:02:07]} Ne4
{[%clk 0:02:21]} 14. Rad1 {[%clk 0:02:03]} c5 {[%clk 0:02:19]} 15. dxc5
{[%clk 0:01:57]} Naxc5 {[%clk 0:02:18]} 16. Nd3 {[%clk 0:01:51]} Nxb3
{[%clk 0:01:56]} 17. Qxb3 dxc4 18. Qa2 {[%clk 0:01:48]} cxd3 {[%clk 0:01:27]} 19.
Qxe6+ {[%clk 0:01:47]} Rf7 {[%clk 0:01:21]} 20. Rxd3 {[%clk 0:01:45]} Nc5
{[%clk 0:01:08]} 21. Qxd6 {[%clk 0:01:44]} Rd7 {[%clk 0:01:10]} 22. Qe5
{[%clk 0:01:39]} Nxd3 {[%clk 0:00:49]} 23. exd3 {[%clk 0:01:35]} Rf7
{[%clk 0:00:35]} 24. Re1 {[%clk 0:01:08]} h6 {[%clk 0:00:36]} 25. Qe6
{[%clk 0:01:03]} Bd5 {[%clk 0:00:33]} 26. Qe5 {[%clk 0:01:02]} Qf8
{[%clk 0:00:32]} 27. Bd4 {[%clk 0:00:56]} Ba8 {[%clk 0:00:27]} 28. Bxb6
{[%clk 0:00:53]} Qxa3 {[%clk 0:00:27]} 29. Bxa5 {[%clk 0:00:39]} Qxd3
{[%clk 0:00:24]} 30. Nh4 {[%clk 0:00:33]} Bxg2 {[%clk 0:00:24]} 31. Kxg2
{[%clk 0:00:31]} Qd7 {[%clk 0:00:24]} 32. Qe6 {[%clk 0:00:21]} Qb7+
{[%clk 0:00:25]} 33. Kg1 {[%clk 0:00:21]} Rcf8 {[%clk 0:00:16]} 34. Ng6
{[%clk 0:00:21]} Ra8 {[%clk 0:00:13]} 35. Bc3 {[%clk 0:00:18]} Kh7
{[%clk 0:00:13]} 36. Ne5 {[%clk 0:00:16]} Rc7 {[%clk 0:00:12]} 37. Qxf5+
{[%clk 0:00:17]} Kg8 {[%clk 0:00:13]} 38. Qe6+ {[%clk 0:00:17]} Kh7
{[%clk 0:00:15]} 39. Bd4 {[%clk 0:00:16]} Rac8 {[%clk 0:00:14]} 40. Qf5+
{[%clk 0:00:16]} Kg8 {[%clk 0:00:15]} 41. Ng6 {[%clk 0:00:14]} Rc1
{[%clk 0:00:13]} 42. Qe6+ {[%clk 0:00:13]} Kh7 {[%clk 0:00:14]} 43. Nf4
{[%clk 0:00:12]} Rxe1+ 44. Qxe1 {[%clk 0:00:13]} Rf8 {[%clk 0:00:12]} 45. Qc1
{[%clk 0:00:10]} Qe4 {[%clk 0:00:10]} 46. Be3 {[%clk 0:00:10]} Rd8
{[%clk 0:00:09]} 47. Qe1 {[%clk 0:00:03]} Qf3 {[%clk 0:00:10]} 48. Ne2
{[%clk 0:00:04]} 1/2-1/2

[Event "Russiablitzwomen"]
[Site "?"]
[Date "2016.10.04"]
[Round "12.8"]
[White "Gvanceladze, Anna"]
[Black "Baraeva, Marina"]
[Result "0-1"]
[LiveChessVersion "1.4.4"]
[BlackElo "2170"]
[WhiteElo "2171"]

1. d4 {[%clk 0:03:04]} d5 {[%clk 0:03:03]} 2. Nf3 {[%clk 0:03:05]} Nf6
{[%clk 0:03:04]} 3. c4 {[%clk 0:03:06]} c6 {[%clk 0:03:06]} 4. cxd5
{[%clk 0:03:08]} cxd5 {[%clk 0:03:07]} 5. Nc3 {[%clk 0:03:09]} Nc6
{[%clk 0:03:07]} 6. Bf4 a6 7. e3 {[%clk 0:03:11]} Bg4 {[%clk 0:03:09]} 8. Bd3
{[%clk 0:03:02]} e6 {[%clk 0:02:43]} 9. h3 {[%clk 0:02:56]} Bxf3 {[%clk 0:02:44]}
10. Qxf3 {[%clk 0:02:57]} Be7 {[%clk 0:02:40]} 11. O-O {[%clk 0:02:56]} O-O
{[%clk 0:02:36]} 12. Rad1 {[%clk 0:02:39]} b5 {[%clk 0:02:25]} 13. Bb1
{[%clk 0:02:22]} Rc8 {[%clk 0:02:15]} 14. Be5 {[%clk 0:01:50]} Nd7
{[%clk 0:01:58]} 15. Bg3 {[%clk 0:01:48]} f5 {[%clk 0:01:57]} 16. Ne2
{[%clk 0:01:34]} Nf6 {[%clk 0:01:50]} 17. Nf4 Qd7 18. Bh2 {[%clk 0:01:20]} Ne4
{[%clk 0:01:50]} 19. Qe2 {[%clk 0:01:20]} Bd6 {[%clk 0:01:42]} 20. f3
{[%clk 0:01:15]} Nf6 {[%clk 0:01:41]} 21. Nd3 {[%clk 0:01:14]} Bxh2+ 22. Kxh2
{[%clk 0:01:15]} Qd6+ {[%clk 0:01:41]} 23. f4 {[%clk 0:01:09]} Ne4
{[%clk 0:01:39]} 24. Ne5 {[%clk 0:01:10]} Nxe5 {[%clk 0:01:34]} 25. fxe5
{[%clk 0:01:07]} Qe7 {[%clk 0:01:34]} 26. Rc1 {[%clk 0:01:01]} Qg5
{[%clk 0:01:27]} 27. Bxe4 {[%clk 0:00:51]} dxe4 {[%clk 0:01:04]} 28. Rfe1
{[%clk 0:00:27]} Rxc1 {[%clk 0:01:01]} 29. Rxc1 {[%clk 0:00:28]} f4
{[%clk 0:01:02]} 30. Qg4 {[%clk 0:00:11]} Qxg4 {[%clk 0:00:57]} 31. hxg4
{[%clk 0:00:12]} fxe3 {[%clk 0:00:58]} 32. Re1 {[%clk 0:00:09]} Rf2
{[%clk 0:00:59]} 33. Rxe3 {[%clk 0:00:08]} Rxb2 {[%clk 0:01:00]} 34. a3
{[%clk 0:00:09]} Kf7 {[%clk 0:00:54]} 35. Kg3 {[%clk 0:00:11]} a5
{[%clk 0:00:54]} 36. Kf4 {[%clk 0:00:12]} Rxg2 {[%clk 0:00:50]} 37. Rxe4
{[%clk 0:00:13]} Rd2 {[%clk 0:00:46]} 38. Ke3 {[%clk 0:00:10]} Ra2
{[%clk 0:00:46]} 39. Rf4+ {[%clk 0:00:08]} Ke7 {[%clk 0:00:48]} 40. Rf1
{[%clk 0:00:04]} Rxa3+ {[%clk 0:00:49]} 41. Rc1 {[%clk 0:00:06]} 0-1

[Event "Russiablitzwomen"]
[Site "?"]
[Date "2016.10.04"]
[Round "14.4"]
[White "Pustovoitova, Daria"]
[Black "Severina, Maria"]
[Result "1-0"]
[LiveChessVersion "1.4.4"]
[BlackElo "2266"]
[WhiteElo "2405"]

1. d4 {[%clk 0:03:01]} Nf6 {[%clk 0:03:03]} 2. c4 {[%clk 0:03:01]} e6
{[%clk 0:03:05]} 3. g3 {[%clk 0:02:59]} Bb4+ {[%clk 0:02:56]} 4. Nd2
{[%clk 0:02:59]} O-O {[%clk 0:02:49]} 5. Bg2 {[%clk 0:02:59]} c6 {[%clk 0:02:43]}
6. Ngf3 {[%clk 0:02:54]} d6 {[%clk 0:02:31]} 7. O-O {[%clk 0:02:52]} Nbd7
{[%clk 0:02:31]} 8. a3 {[%clk 0:02:41]} Ba5 {[%clk 0:02:29]} 9. b4
{[%clk 0:02:41]} Bc7 {[%clk 0:02:30]} 10. Bb2 {[%clk 0:02:42]} e5
{[%clk 0:02:13]} 11. dxe5 {[%clk 0:02:39]} dxe5 {[%clk 0:02:11]} 12. c5
{[%clk 0:02:38]} Qe7 {[%clk 0:01:53]} 13. Nc4 {[%clk 0:02:33]} e4
{[%clk 0:01:37]} 14. Nfd2 {[%clk 0:02:26]} Ne5 {[%clk 0:01:04]} 15. Qc2
{[%clk 0:02:22]} Nxc4 {[%clk 0:00:58]} 16. Nxc4 {[%clk 0:02:22]} Bf5
{[%clk 0:00:48]} 17. Qc3 {[%clk 0:01:39]} Rad8 {[%clk 0:00:44]} 18. h3
{[%clk 0:01:26]} Bg6 {[%clk 0:00:45]} 19. g4 {[%clk 0:01:27]} Bb8
{[%clk 0:00:42]} 20. Rfd1 {[%clk 0:01:26]} Rxd1+ {[%clk 0:00:33]} 21. Rxd1
{[%clk 0:01:27]} Rd8 {[%clk 0:00:34]} 22. Rd4 {[%clk 0:01:26]} b5
{[%clk 0:00:18]} 23. cxb6 {[%clk 0:01:23]} axb6 24. Nxb6 {[%clk 0:01:02]} e3
{[%clk 0:00:19]} 25. Qxe3 {[%clk 0:00:52]} Qc7 {[%clk 0:00:20]} 26. Rxd8+
{[%clk 0:00:52]} Qxd8 {[%clk 0:00:21]} 27. Nc4 {[%clk 0:00:50]} Qd1+
{[%clk 0:00:18]} 28. Bf1 {[%clk 0:00:51]} h6 {[%clk 0:00:15]} 29. Bxf6
{[%clk 0:00:38]} gxf6 {[%clk 0:00:12]} 30. Qe8+ {[%clk 0:00:39]} Kg7
{[%clk 0:00:13]} 31. Qxb8 {[%clk 0:00:39]} h5 {[%clk 0:00:13]} 32. Ne3
{[%clk 0:00:39]} Qa1 {[%clk 0:00:14]} 33. gxh5 Bxh5 {[%clk 0:00:14]} 34. Qg3+
{[%clk 0:00:34]} Bg6 {[%clk 0:00:15]} 35. h4 {[%clk 0:00:35]} Kh7
{[%clk 0:00:14]} 36. h5 {[%clk 0:00:34]} Bxh5 {[%clk 0:00:14]} 37. Qh4
{[%clk 0:00:33]} Kg6 {[%clk 0:00:11]} 38. Qg3+ {[%clk 0:00:34]} Kh7
{[%clk 0:00:12]} 39. Nf5 {[%clk 0:00:32]} Bg6 {[%clk 0:00:12]} 40. Qh2+
{[%clk 0:00:20]} Kg8 {[%clk 0:00:13]} 41. Ne7+ {[%clk 0:00:21]} Kg7
{[%clk 0:00:15]} 42. Nxg6 {[%clk 0:00:21]} Kxg6 {[%clk 0:00:13]} 43. Qg2+
{[%clk 0:00:23]} Kh7 {[%clk 0:00:14]} 44. Qxc6 {[%clk 0:00:23]} Qxa3
{[%clk 0:00:14]} 45. Qxf6 {[%clk 0:00:23]} Qxb4 {[%clk 0:00:15]} 46. Qxf7+
{[%clk 0:00:24]} Kh6 {[%clk 0:00:16]} 47. Qf6+ {[%clk 0:00:23]} Kh7
{[%clk 0:00:17]} 48. Qf5+ {[%clk 0:00:24]} Kg8 {[%clk 0:00:17]} 49. e4
{[%clk 0:00:24]} Qb1 {[%clk 0:00:16]} 50. Qg5+ {[%clk 0:00:24]} Kf8
{[%clk 0:00:17]} 51. e5 {[%clk 0:00:25]} Kf7 {[%clk 0:00:15]} 52. Qf6+
{[%clk 0:00:26]} Ke8 {[%clk 0:00:16]} 53. e6 {[%clk 0:00:27]} Qd1
{[%clk 0:00:16]} 54. Qf7+ {[%clk 0:00:27]} Kd8 {[%clk 0:00:18]} 55. e7+
{[%clk 0:00:28]} 1-0

[Event "Russiablitzwomen"]
[Site "?"]
[Date "2016.10.04"]
[Round "14.8"]
[White "Ambartsumova, Karina"]
[Black "Belova, Olga"]
[Result "1-0"]
[LiveChessVersion "1.4.4"]
[BlackElo "2020"]
[WhiteElo "2293"]

1. e4 {[%clk 0:03:03]} e6 {[%clk 0:03:04]} 2. d4 {[%clk 0:03:04]} d5
{[%clk 0:03:05]} 3. Nc3 {[%clk 0:03:05]} dxe4 {[%clk 0:03:03]} 4. Nxe4
{[%clk 0:03:06]} Nf6 {[%clk 0:03:02]} 5. Ng3 {[%clk 0:02:53]} c5 {[%clk 0:02:52]}
6. Nf3 {[%clk 0:02:37]} Be7 {[%clk 0:02:47]} 7. c3 {[%clk 0:02:35]} O-O
{[%clk 0:02:43]} 8. Be3 {[%clk 0:02:36]} cxd4 {[%clk 0:02:41]} 9. Nxd4
{[%clk 0:02:25]} Nd5 {[%clk 0:02:31]} 10. Qd2 {[%clk 0:01:59]} Nxe3
{[%clk 0:02:31]} 11. Qxe3 {[%clk 0:02:00]} Qb6 {[%clk 0:02:32]} 12. O-O-O
{[%clk 0:01:42]} Nc6 {[%clk 0:02:17]} 13. Nxc6 {[%clk 0:01:29]} bxc6
{[%clk 0:02:18]} 14. Qxb6 {[%clk 0:01:24]} axb6 {[%clk 0:02:19]} 15. Kb1
{[%clk 0:01:23]} e5 {[%clk 0:02:16]} 16. Bc4 {[%clk 0:01:20]} b5 {[%clk 0:01:48]}
17. Bb3 {[%clk 0:01:21]} Bc5 {[%clk 0:01:49]} 18. f3 {[%clk 0:01:21]} Re8
{[%clk 0:01:49]} 19. Ne4 {[%clk 0:01:18]} Bf5 {[%clk 0:01:49]} 20. Rhe1
{[%clk 0:01:15]} Kf8 {[%clk 0:01:41]} 21. Bc2 {[%clk 0:01:14]} Be7
{[%clk 0:01:38]} 22. a3 {[%clk 0:01:10]} Red8 {[%clk 0:01:36]} 23. Nf2
{[%clk 0:01:03]} Bxc2+ 24. Kxc2 {[%clk 0:01:04]} f6 {[%clk 0:01:35]} 25. g4
{[%clk 0:00:57]} Kf7 {[%clk 0:01:25]} 26. Nd3 {[%clk 0:00:49]} g5
{[%clk 0:01:20]} 27. Nf2 {[%clk 0:00:46]} Ke6 {[%clk 0:01:13]} 28. Ne4
{[%clk 0:00:37]} Rh8 {[%clk 0:01:10]} 29. Ng3 {[%clk 0:00:38]} Rhd8
{[%clk 0:01:10]} 30. Nf5 {[%clk 0:00:35]} c5 {[%clk 0:01:05]} 31. h3
{[%clk 0:00:30]} Kf7 {[%clk 0:00:28]} 32. Rxd8 {[%clk 0:00:27]} Rxd8
{[%clk 0:00:27]} 33. b4 {[%clk 0:00:28]} c4 {[%clk 0:00:24]} 34. Rd1
{[%clk 0:00:21]} Ra8 {[%clk 0:00:22]} 35. Kb2 {[%clk 0:00:22]} Rd8
{[%clk 0:00:20]} 36. Rxd8 {[%clk 0:00:21]} Bxd8 {[%clk 0:00:21]} 37. Nd6+
{[%clk 0:00:22]} Ke6 {[%clk 0:00:20]} 38. Nxb5 {[%clk 0:00:24]} f5
{[%clk 0:00:20]} 39. a4 {[%clk 0:00:23]} f4 {[%clk 0:00:14]} 40. Kc2
{[%clk 0:00:17]} Kd7 {[%clk 0:00:13]} 41. Na3 {[%clk 0:00:17]} Kc6
{[%clk 0:00:10]} 42. Nxc4 {[%clk 0:00:18]} Kd5 {[%clk 0:00:11]} 43. Nd2
{[%clk 0:00:19]} Bb6 {[%clk 0:00:11]} 44. Kd3 {[%clk 0:00:20]} Be3
{[%clk 0:00:12]} 45. c4+ {[%clk 0:00:20]} Kc6 {[%clk 0:00:13]} 46. Ne4
{[%clk 0:00:21]} Bg1 {[%clk 0:00:13]} 47. Nxg5 {[%clk 0:00:21]} Kd5 48. Ke4+ 1-0

[Event "Russiablitzwomen"]
[Site "?"]
[Date "2016.10.04"]
[Round "15.4"]
[White "Goryachkina, Aleksandra"]
[Black "Girya, Olga"]
[Result "1/2-1/2"]
[LiveChessVersion "1.4.4"]
[BlackElo "2360"]
[WhiteElo "2303"]

1. d4 {[%clk 0:03:03]} d5 {[%clk 0:03:03]} 2. c4 {[%clk 0:03:03]} c6
{[%clk 0:03:04]} 3. cxd5 {[%clk 0:03:01]} cxd5 {[%clk 0:03:06]} 4. Bf4
{[%clk 0:03:01]} Nc6 {[%clk 0:03:05]} 5. e3 {[%clk 0:03:02]} Nf6 {[%clk 0:03:05]}
6. Nc3 {[%clk 0:03:02]} Bf5 {[%clk 0:03:06]} 7. Qb3 {[%clk 0:03:00]} Na5
{[%clk 0:03:07]} 8. Qa4+ {[%clk 0:03:00]} Bd7 {[%clk 0:03:08]} 9. Qc2
{[%clk 0:02:59]} e6 {[%clk 0:03:10]} 10. Bd3 {[%clk 0:02:58]} Rc8
{[%clk 0:03:11]} 11. Nf3 {[%clk 0:02:57]} Be7 {[%clk 0:03:11]} 12. O-O
{[%clk 0:02:56]} a6 {[%clk 0:03:07]} 13. h3 {[%clk 0:02:53]} O-O {[%clk 0:03:07]}
14. Ne5 {[%clk 0:02:51]} Bb5 {[%clk 0:03:04]} 15. Bxb5 {[%clk 0:02:38]} axb5
{[%clk 0:03:05]} 16. a3 {[%clk 0:02:40]} b4 {[%clk 0:02:55]} 17. axb4
{[%clk 0:02:39]} Bxb4 {[%clk 0:02:55]} 18. Rfc1 {[%clk 0:02:17]} Ne4
{[%clk 0:02:46]} 19. Qa4 {[%clk 0:01:56]} Bxc3 {[%clk 0:02:03]} 20. bxc3
{[%clk 0:01:57]} Nc6 {[%clk 0:01:57]} 21. Nd3 {[%clk 0:01:52]} Ra8
{[%clk 0:01:53]} 22. Qxa8 {[%clk 0:01:36]} Qxa8 {[%clk 0:01:55]} 23. Rxa8
{[%clk 0:01:37]} Rxa8 {[%clk 0:01:56]} 24. f3 {[%clk 0:01:37]} Nd2
{[%clk 0:01:55]} 25. Nc5 {[%clk 0:01:34]} b5 {[%clk 0:01:49]} 26. e4
{[%clk 0:01:30]} Ra2 {[%clk 0:01:40]} 27. exd5 {[%clk 0:01:06]} exd5
{[%clk 0:01:39]} 28. Bxd2 {[%clk 0:01:07]} Rxd2 {[%clk 0:01:40]} 29. Ra1
{[%clk 0:01:05]} g6 {[%clk 0:01:26]} 30. Ra6 {[%clk 0:01:03]} Ne7
{[%clk 0:01:25]} 31. Rb6 {[%clk 0:00:58]} Rc2 {[%clk 0:01:20]} 32. Rxb5
{[%clk 0:00:50]} Rxc3 {[%clk 0:01:20]} 33. Nd7 {[%clk 0:00:51]} Rc1+
{[%clk 0:01:07]} 34. Kh2 {[%clk 0:00:51]} Kg7 {[%clk 0:01:05]} 35. Nb6
{[%clk 0:00:48]} Nf5 {[%clk 0:00:55]} 36. Rxd5 {[%clk 0:00:43]} Rd1
{[%clk 0:00:49]} 37. Rd7 {[%clk 0:00:25]} h5 {[%clk 0:00:23]} 38. g4
{[%clk 0:00:10]} Nxd4 {[%clk 0:00:19]} 39. gxh5 {[%clk 0:00:06]} gxh5
{[%clk 0:00:14]} 40. Kg3 {[%clk 0:00:07]} Nf5+ {[%clk 0:00:09]} 41. Kf4
{[%clk 0:00:08]} Rxd7 {[%clk 0:00:08]} 42. Nxd7 {[%clk 0:00:09]} Ne7
{[%clk 0:00:09]} 43. Kg5 {[%clk 0:00:08]} Nc6 {[%clk 0:00:07]} 44. Kxh5
{[%clk 0:00:09]} Nd4 {[%clk 0:00:09]} 45. Kg4 {[%clk 0:00:09]} Kg6
{[%clk 0:00:07]} 46. f4 {[%clk 0:00:08]} f5+ {[%clk 0:00:05]} 47. Kg3
{[%clk 0:00:09]} Ne2+ {[%clk 0:00:06]} 48. Kf3 {[%clk 0:00:09]} Ng1+
{[%clk 0:00:07]} 49. Kg2 {[%clk 0:00:08]} Ne2 {[%clk 0:00:08]} 50. Ne5+
{[%clk 0:00:09]} Kf6 {[%clk 0:00:09]} 51. Nd3 {[%clk 0:00:09]} Kg6
{[%clk 0:00:09]} 52. Kf2 {[%clk 0:00:10]} Nd4 {[%clk 0:00:10]} 53. Ne5+
{[%clk 0:00:07]} Kh5 {[%clk 0:00:10]} 54. Nf3 {[%clk 0:00:05]} Ne6
{[%clk 0:00:10]} 55. Kg3 {[%clk 0:00:06]} Nc5 {[%clk 0:00:10]} 56. Nd4
{[%clk 0:00:05]} Ne4+ {[%clk 0:00:08]} 57. Kf3 {[%clk 0:00:05]} Kg6
{[%clk 0:00:08]} 58. Nc6 {[%clk 0:00:06]} Nd2+ {[%clk 0:00:07]} 59. Ke3
{[%clk 0:00:06]} Nc4+ {[%clk 0:00:07]} 60. Kd4 {[%clk 0:00:07]} Nd2
{[%clk 0:00:08]} 61. Ke5 {[%clk 0:00:07]} Nf3+ {[%clk 0:00:09]} 62. Ke6
{[%clk 0:00:08]} Nh4 {[%clk 0:00:07]} 63. Ne7+ {[%clk 0:00:09]} Kh5
{[%clk 0:00:07]} 64. Nxf5 {[%clk 0:00:09]} Ng2 {[%clk 0:00:08]} 65. Ng7+
{[%clk 0:00:08]} Kg6 {[%clk 0:00:07]} 66. f5+ {[%clk 0:00:06]} Kxg7
{[%clk 0:00:08]} 67. f6+ {[%clk 0:00:07]} Kf8 {[%clk 0:00:09]} 68. Kf5 1/2-1/2

[Event "Russiablitzwomen"]
[Site "?"]
[Date "2016.10.04"]
[Round "15.11"]
[White "Abramova, Yulia"]
[Black "Belenkaya, Dina"]
[Result "0-1"]
[LiveChessVersion "1.4.4"]
[BlackElo "2112"]
[WhiteElo "2001"]

1. e4 {[%clk 0:03:03]} c6 {[%clk 0:03:02]} 2. d4 {[%clk 0:03:03]} d5
{[%clk 0:03:03]} 3. e5 {[%clk 0:03:04]} c5 {[%clk 0:03:04]} 4. c3
{[%clk 0:03:02]} Nc6 {[%clk 0:03:04]} 5. Nf3 {[%clk 0:02:39]} Bg4
{[%clk 0:03:05]} 6. Be2 {[%clk 0:02:26]} e6 {[%clk 0:03:03]} 7. Be3
{[%clk 0:02:20]} Nge7 {[%clk 0:02:44]} 8. Nbd2 {[%clk 0:02:17]} cxd4
{[%clk 0:02:43]} 9. Bxd4 {[%clk 0:02:04]} Nf5 {[%clk 0:02:31]} 10. Qa4
{[%clk 0:01:58]} Be7 {[%clk 0:02:27]} 11. Bb5 {[%clk 0:01:39]} Qd7
{[%clk 0:02:12]} 12. Nb3 {[%clk 0:01:32]} Bxf3 {[%clk 0:02:10]} 13. gxf3
{[%clk 0:01:33]} O-O {[%clk 0:01:57]} 14. O-O-O {[%clk 0:01:17]} Rfc8
{[%clk 0:01:53]} 15. Kb1 {[%clk 0:01:17]} a6 {[%clk 0:01:51]} 16. Bxc6
{[%clk 0:01:17]} Rxc6 {[%clk 0:01:50]} 17. Na5 {[%clk 0:01:11]} b5
{[%clk 0:01:44]} 18. Qb3 {[%clk 0:01:07]} Rcc8 {[%clk 0:01:36]} 19. Rhg1
{[%clk 0:00:57]} Rab8 {[%clk 0:01:37]} 20. Ba7 {[%clk 0:00:55]} Qxa7
{[%clk 0:01:37]} 21. Qc2 {[%clk 0:00:49]} b4 {[%clk 0:01:36]} 22. Rg4
{[%clk 0:00:44]} bxc3 {[%clk 0:01:36]} 23. bxc3 {[%clk 0:00:45]} 0-1

[Event "Russiablitzwomen"]
[Site "?"]
[Date "2016.10.04"]
[Round "18.5"]
[White "Severina, Maria"]
[Black "Girya, Olga"]
[Result "1/2-1/2"]
[LiveChessVersion "1.4.4"]
[BlackElo "2360"]
[WhiteElo "2266"]

1. Nf3 {[%clk 0:03:03]} d5 {[%clk 0:03:04]} 2. g3 {[%clk 0:03:04]} c6
{[%clk 0:03:04]} 3. Bg2 {[%clk 0:03:04]} Bg4 {[%clk 0:03:05]} 4. h3
{[%clk 0:03:02]} Bxf3 {[%clk 0:03:01]} 5. Bxf3 {[%clk 0:03:03]} e5
{[%clk 0:03:01]} 6. d3 {[%clk 0:02:58]} Nf6 {[%clk 0:03:02]} 7. O-O
{[%clk 0:02:49]} Bc5 {[%clk 0:03:03]} 8. e4 {[%clk 0:02:43]} O-O {[%clk 0:03:03]}
9. Qe2 {[%clk 0:02:42]} Re8 {[%clk 0:03:03]} 10. c3 {[%clk 0:02:41]} Nbd7
{[%clk 0:03:00]} 11. Bg2 {[%clk 0:02:41]} a5 {[%clk 0:02:52]} 12. Nd2
{[%clk 0:02:41]} h6 {[%clk 0:02:51]} 13. Nf3 {[%clk 0:02:36]} Qc7
{[%clk 0:02:44]} 14. Nh4 {[%clk 0:02:36]} Bf8 {[%clk 0:02:31]} 15. Nf5
{[%clk 0:02:35]} Nc5 {[%clk 0:02:31]} 16. Kh2 {[%clk 0:02:21]} Rad8
{[%clk 0:02:32]} 17. exd5 {[%clk 0:01:47]} Nxd5 {[%clk 0:02:22]} 18. Rd1
{[%clk 0:01:31]} Qd7 {[%clk 0:02:13]} 19. Ne3 {[%clk 0:01:28]} Nf4
{[%clk 0:02:09]} 20. gxf4 {[%clk 0:01:06]} exf4 {[%clk 0:02:11]} 21. Qf3
{[%clk 0:00:42]} fxe3 {[%clk 0:02:11]} 22. Bxe3 {[%clk 0:00:43]} Qc7+
{[%clk 0:01:48]} 23. Kg1 {[%clk 0:00:16]} Nxd3 {[%clk 0:01:43]} 24. Bd4
{[%clk 0:00:10]} Nxb2 {[%clk 0:01:32]} 25. Rdb1 {[%clk 0:00:11]} Nc4
{[%clk 0:01:33]} 26. Qd3 {[%clk 0:00:10]} Ne5 {[%clk 0:01:25]} 27. Qf5
{[%clk 0:00:09]} Qd7 {[%clk 0:01:07]} 28. Qxd7 {[%clk 0:00:08]} Rxd7
{[%clk 0:01:08]} 29. Bb6 {[%clk 0:00:07]} Nc4 {[%clk 0:01:07]} 30. Bd4
{[%clk 0:00:07]} g6 {[%clk 0:01:01]} 31. a4 {[%clk 0:00:07]} Bg7 {[%clk 0:01:02]}
32. Bxg7 {[%clk 0:00:06]} Kxg7 {[%clk 0:01:03]} 33. Bf1 {[%clk 0:00:07]} Nd2
{[%clk 0:01:01]} 34. Rd1 {[%clk 0:00:08]} Red8 {[%clk 0:01:02]} 35. Bg2
{[%clk 0:00:08]} Nc4 {[%clk 0:00:58]} 36. Rxd7 {[%clk 0:00:07]} Rxd7
{[%clk 0:01:00]} 37. Rb1 {[%clk 0:00:07]} f5 {[%clk 0:00:56]} 38. Bf1
{[%clk 0:00:05]} Ne5 {[%clk 0:00:56]} 39. Be2 {[%clk 0:00:05]} Kf6
{[%clk 0:00:57]} 40. Kf1 {[%clk 0:00:06]} g5 {[%clk 0:00:57]} 41. Ke1
{[%clk 0:00:07]} f4 {[%clk 0:00:59]} 42. f3 {[%clk 0:00:05]} h5 {[%clk 0:00:58]}
43. Kf2 {[%clk 0:00:06]} Kf5 {[%clk 0:00:52]} 44. Ke1 {[%clk 0:00:07]} Nd3+
{[%clk 0:00:49]} 45. Bxd3+ {[%clk 0:00:07]} Rxd3 {[%clk 0:00:50]} 46. Ke2
{[%clk 0:00:08]} Re3+ {[%clk 0:00:49]} 47. Kf2 {[%clk 0:00:09]} Rxc3
{[%clk 0:00:50]} 48. Rxb7 {[%clk 0:00:10]} Rc2+ {[%clk 0:00:51]} 49. Ke1
{[%clk 0:00:11]} Ra2 {[%clk 0:00:50]} 50. Rf7+ {[%clk 0:00:10]} Ke5
{[%clk 0:00:51]} 51. Rg7 {[%clk 0:00:10]} Kd4 {[%clk 0:00:49]} 52. Rxg5
{[%clk 0:00:11]} Ke3 {[%clk 0:00:50]} 53. Re5+ {[%clk 0:00:11]} Kxf3
{[%clk 0:00:51]} 54. Rxa5 {[%clk 0:00:13]} Kg3 {[%clk 0:00:47]} 55. Rg5+
{[%clk 0:00:13]} Kxh3 {[%clk 0:00:43]} 56. Rxh5+ {[%clk 0:00:14]} Kg4
{[%clk 0:00:44]} 57. Rh6 {[%clk 0:00:14]} Ra1+ {[%clk 0:00:40]} 58. Kf2
{[%clk 0:00:15]} Ra2+ {[%clk 0:00:41]} 59. Kf1 {[%clk 0:00:16]} Kf3
{[%clk 0:00:41]} 60. Rh3+ {[%clk 0:00:17]} Ke4 {[%clk 0:00:42]} 61. Rc3
{[%clk 0:00:18]} Kd5 {[%clk 0:00:38]} 62. Rf3 {[%clk 0:00:18]} Rxa4
{[%clk 0:00:40]} 63. Ke2 {[%clk 0:00:18]} Ke4 {[%clk 0:00:41]} 64. Rc3
{[%clk 0:00:19]} Ra2+ {[%clk 0:00:40]} 65. Kf1 {[%clk 0:00:20]} Ra1+
{[%clk 0:00:38]} 66. Ke2 {[%clk 0:00:22]} f3+ {[%clk 0:00:36]} 67. Kf2
{[%clk 0:00:23]} Ra2+ {[%clk 0:00:38]} 68. Kf1 {[%clk 0:00:24]} Ra6
{[%clk 0:00:27]} 69. Kf2 {[%clk 0:00:24]} Ra2+ {[%clk 0:00:21]} 70. Kf1
{[%clk 0:00:25]} Ra6 {[%clk 0:00:15]} 71. Kf2 {[%clk 0:00:26]} Kd4
{[%clk 0:00:12]} 72. Rxf3 {[%clk 0:00:21]} c5 {[%clk 0:00:13]} 73. Ke2
{[%clk 0:00:21]} Kc4 {[%clk 0:00:05]} 74. Kd2 {[%clk 0:00:23]} Ra2+
{[%clk 0:00:05]} 75. Kc1 {[%clk 0:00:24]} Rh2 {[%clk 0:00:06]} 76. Rg3
{[%clk 0:00:21]} Kb4 {[%clk 0:00:08]} 77. Rf3 {[%clk 0:00:21]} Rg2
{[%clk 0:00:09]} 78. Rh3 {[%clk 0:00:22]} Rf2 {[%clk 0:00:10]} 79. Rg3
{[%clk 0:00:23]} c4 {[%clk 0:00:11]} 80. Rh3 {[%clk 0:00:22]} Rf1+
{[%clk 0:00:12]} 81. Kc2 {[%clk 0:00:22]} Rf2+ {[%clk 0:00:13]} 82. Kc1
{[%clk 0:00:24]} Rf1+ {[%clk 0:00:14]} 83. Kc2 {[%clk 0:00:25]} Ra1
{[%clk 0:00:15]} 84. Kb2 {[%clk 0:00:17]} Ra7 {[%clk 0:00:15]} 85. Rg3
{[%clk 0:00:17]} Rb7 {[%clk 0:00:16]} 86. Kc2 {[%clk 0:00:18]} Rf7
{[%clk 0:00:16]} 87. Rh3 {[%clk 0:00:20]} Rf2+ {[%clk 0:00:17]} 88. Kc1
{[%clk 0:00:21]} Ra2 {[%clk 0:00:17]} 89. Kb1 {[%clk 0:00:22]} Ra7
{[%clk 0:00:14]} 90. Kc2 {[%clk 0:00:24]} Ra2+ {[%clk 0:00:13]} 91. Kb1
{[%clk 0:00:25]} Ra3 {[%clk 0:00:14]} 92. Rxa3 {[%clk 0:00:19]} Kxa3
{[%clk 0:00:16]} 93. Kb2+ {[%clk 0:00:22]} Kb4 {[%clk 0:00:17]} 94. Kc2 c3
{[%clk 0:00:16]} 95. Kc1 {[%clk 0:00:24]} Kc4 {[%clk 0:00:19]} 96. Kc2
{[%clk 0:00:24]} Kd4 {[%clk 0:00:24]} 97. Kc1 {[%clk 0:00:27]} Kd3
{[%clk 0:00:25]} 98. Kd1 {[%clk 0:00:28]} c2+ {[%clk 0:00:27]} 99. Kc1
{[%clk 0:00:30]} Kc3 {[%clk 0:00:28]} 1/2-1/2